TV Shows by Plot Quiz Stats

Quiz Updated Aug 27, 2012

Challenge
Share
Tweet
Embed
Score 0/30 Timer 08:00
0 Plays Today
Plot TV Show % Correct
The survivors of a plane crash are forced to live with each other on a remote island, a dangerous new world that poses unique threats of its own.LOST
93.5%
An antisocial maverick doctor who specializes in diagnostic medicine does whatever it takes to solve puzzling cases that come his way using his crack team of doctors and his wits.House M.D.
90.7%
A mockumentary on a group of typical office workers, where the workday consists of ego clashes, inappropriate behavior, and tedium. Based on the hit BBC series.The Office (US)
84.2%
The satiric adventures of a working class family in the misfit city of Springfield.The Simpsons
76.4%
The lives, loves, and laughs of six young friends living in Manhattan.Friends
75.2%
In the unreal world of Sacred Heart Hospital, intern John 'J.D' Dorian learns the ways of medicine, friendship and life.Scrubs
71.9%
A genius mouse and his stupid sidekick try to conquer the world each night.Pinky and the Brain
65.4%
A likable Miami police forensics expert moonlights as a serial killer of criminals who he believes have escaped justice.Dexter
58.4%
Egged on by his best friend's upcoming nuptials, Ted believes he finds the woman of his dreams in Robin -- though destiny might have something different in mind.How I Met Your Mother
57.7%
He's got it all: a loving wife, good friends, a successful career, a great home..what could possibly go wrong for Larry David... Curb Your Enthusiasm
56.9%
Seven men and women are stranded on an uncharted island following a torrential storm.Gilligan's Island
51.3%
Privileged teenagers attend an elite private school in New York City. Based on Alloy Entertainment's book series.Gossip Girl
49.9%
Film star Vince Chase navigates the vapid terrain of Los Angeles with a close circle of friends and his trusty agent.Entourage
49.7%
A drama series that takes a darkly comical look at members of a dysfunctional California family that runs an independent funeral home.Six Feet Under
49.4%
Four previously married women live together in Miami, sharing their various experiences together and enjoying themselves despite hard times.The Golden Girls
49%
Plot TV Show % Correct
Kevin Arnold recalls growing up during the 60's; the turbulent social times make the transition from child to adult unusually interesting.The Wonder Years
46.8%
In a wacky Rhode Island town, a dysfunctional family strive to cope with everyday life as they are thrown from one crazy scenario to another.Family Guy
41.8%
Four friends in a small coastal town help each other cope with adolescence.Dawson's Creek
41%
The series follows Sookie Stackhouse, a barmaid living in Louisiana who can read people's minds.True Blood
40.8%
The adventures of a daydreaming, jazz-loving, football-headed 9-year-old, who lives in a boarding house with his grandparents.Hey Arnold!
39.9%
Four Vietnam vets, framed for a crime they didn't commit, help the innocent while on the run from the military.The A-Team
36.8%
After a crippled test pilot is rebuilt with nuclear powered limbs and implants, he serves as a unique intelligence agent.The Six Million Dollar Man
35.8%
A man has the power to bring dead people back to life.Pushing Daisies
34%
The staff of a struggling radio station have a chance at success after the new programming director changes the format to rock music. WKRP in Cincinnati
27.8%
The wacky and sometimes surreal adventures of Norbert and Daggett Beaver.The Angry Beavers
26.8%
The adventures of Ben Cartwright and his sons as they run and defend their ranch while helping the surrounding community.Bonanza
25.3%
The wacky misadventures of an Australian wallaby and his friends as he finishes his transition to American life.Rocko's Modern Life
24.3%
Bright and sharp law school graduate Ellen Parsons becomes the protégée of the successful and hard-hitting high stakes litigator Patricia Hewes. But nothing is what it seems.Damages
17.4%
A stand up comedian suddenly becomes a father when he takes custody of his sister's three children.The Bernie Mac Show
14.2%
The exploits of a group of men and women who serve the City of New York as police officers, firemen, and paramedics in the fictional 55th Precinct.Third Watch
9.9%

You're not logged in!

Compare scores with friends on all Sporcle quizzes.
Sign Up with Email
OR
Log In

You Might Also Like...

Show Comments

Extras

Top Quizzes Today


Score Distribution

Your Account Isn't Verified!

In order to create a playlist on Sporcle, you need to verify the email address you used during registration. Go to your Sporcle Settings to finish the process.